| 000 | 01483nam a2200385 i 4500 | ||
|---|---|---|---|
| 001 | DIGVISION0082 | ||
| 003 | NyNyDIG | ||
| 007 | cr ||||||||||| | ||
| 008 | 221125s2012 sp a obd 000 0 spa d | ||
| 006 | m o d | ||
| 035 | _a(OCoLC)1352726626 | ||
| 040 |
_aDGITA _beng _erda _epn _cDGITA |
||
| 020 |
_a9788490111376 _qeBook |
||
| 050 | 1 | 4 | _aP1081 ebook |
| 100 | 1 |
_aArnaiz-Villena, Antonio, _eauthor. |
|
| 245 | 1 | 0 |
_aDiccionario Ibérico-Euskera-Castellano : _bsegún los archivos ibéricos / _cAntonio Arnáiz Villena, Jorge Alonso García. |
| 264 | 1 |
_a[Madrid, España] : _bVision Libros : _bFundación de Estudios Genéticos y Lingüísticos, _c[2012] |
|
| 300 |
_a1 online resource : _billustrations. |
||
| 336 |
_atext _btxt _2rdacontent |
||
| 337 |
_acomputer _bc _2rdamedia |
||
| 338 |
_aonline resource _bcr _2rdacarrier |
||
| 347 |
_atext file _2rdaft |
||
| 347 | _bPDF | ||
| 504 | _aIncludes bibliographical references. | ||
| 588 | 0 | _aOnline resource; title from PDF title page (Digitalia, viewed November 25, 2022) | |
| 650 | 0 |
_aIberian language _vDictionaries _xSpanish. |
|
| 650 | 0 |
_aIberian language _vDictionaries _xBasque. |
|
| 655 | 0 | _aElectronic books. | |
| 700 | 1 |
_aAlonso, Jorge, _d1934- _eauthor. |
|
| 791 | 2 |
_aDigitalia (Firm), _edistributor. |
|
| 793 | 0 |
_gDigitalia eBook Collection: _aVision Libros |
|
| 856 | 4 | 0 |
_3Digitalia Hispánica _uhttps://www.digitaliapublishing.com/a/88902/ |
| 910 | _aPremium collection: 2022 | ||
| 942 | _cRAA | ||
| 999 |
_c267349 _d267349 |
||